Ειδική αγωγή Ι

Αποθηκεύτηκε σε:
Λεπτομέρειες βιβλιογραφικής εγγραφής
Συγγραφή απο Οργανισμό/Αρχή: Υπουργείο Εθνικής Παιδείας και Θρησκευμάτων
Μορφή: Βίντεο VHS
Γλώσσα:Greek
Δημοσίευση: Αθήνα : Ελληνική Τηλεόραση 1, 1992
Σειρά:Εκπαιδευτική τηλεόραση ; ; 16
Θέματα:
Ετικέτες: Προσθήκη ετικέτας
Δεν υπάρχουν, Καταχωρήστε ετικέτα πρώτοι!

MARC

LEADER 00000cgm a2200000 i 4500
001 1/71925
007 vf cbaho
008 050221s1992 gr
035 |l 10076674 
040 |a GR-MY-UA  |b gre  |e aacr 
041 0 |a gre 
082 0 |a 371.335  |2 (21 έκδ.) 
245 1 0 |a Ειδική αγωγή  |h [μαγνητοσκόπηση] :  |b Ι /  |c Υπουργειο Εθνικής Παιδείας και Θρησκευμάτων 
260 |a Αθήνα :   |b Ελληνική Τηλεόραση 1,   |c 1992 
300 |a 1 βιντεοκασέτα (60 λεπτ.);  |b ομιλ., έγχρ.;  |c 1/2 ίν. 
490 1 |a Εκπαιδευτική τηλεόραση  |v ; 16 
500 |a Πρόκειται για επιλογή προγραμμάτων από την Ελληνικής Τηλεόραση 1 το 1992 
538 |a VHS 
650 0 0 |a Audio-visual education. 
650 0 0 |a Visual aids. 
650 0 0 |a Children with disabilities  |x Education. 
710 2 |a Υπουργείο Εθνικής Παιδείας και Θρησκευμάτων. 
830 0 |a Εκπαιδευτική τηλεόραση ;  |v ; 16 
852 |a INST  |b RHODES  |c AV  |e 20050221  |h 371.335 ΕΙΔ  |p 005400017755  |q 005400017755  |t VC  |y 23 
852 |a INST  |b RHODES  |c AV  |e 20050221  |h 371.335 ΕΙΔ  |p 005400017756  |q 005400017756  |t VC  |y 23 
901 |a BIBL4-2005-1 
909 |a Ρ  |b 028182 
909 |a Ρ  |b 028183 
970 |a ΣΜΠΙΛΗ  |b ΕΛΕΝΗ  |z 2005/02/21